00726nam a2200181 i 4500001000700000003000900007005001700016007000300033008004100036245009300077260007100170300002100241500013000262610004900392650002900441650004800470852002600518111696ES-MaACL20230906185338.0t|180530s1913 sp r ||||1| spa d00aMemoria explicativa de las modificaciones que se introducen en el presupuesto para 1914. aMadrid : b[s.n.], c1913 (fTalleres del Depósito de la Guerra) a32 p. ; c26 cm. aIncluye: Dirección General de Prisiones: Plan de obras durante cinco años, en las prisiones a cargo del Estado (p. 19-32)04aEspaña. bMinisterio de Gracia y Justicia. 4aPresupuestos-zEspaña. 4aEstablecimientos penitenciarios-zEspaña. aES-MaACLjC-23756(10)